[Event "European Team Championship"]
[Site "Reykjavik ISL"]
[Date "2015.11.14"]
[EventDate "2015.11.13"]
[Round "2.12"]
[Result "1-0"]
[White "Viktor Laznicka"]
[Black "Emanuel Berg"]
[WhiteElo "2665"]
[BlackElo "2575"]
[PlyCount "95"]

1. Nf3 Nf6 2. g3 g6 3. b3 Bg7 4. Bb2 O-O 5. Bg2 d6 6. d4 Nc6
7. c4 Ne4 8. O-O f5 9. Nc3 Nxc3 10. Bxc3 e5 11. dxe5 Qe8
12. b4 Nxe5 13. Rc1 Qe7 14. c5 Nxf3+ 15. Bxf3 dxc5 16. Bxg7
Kxg7 17. bxc5 c6 18. Qd4+ Qf6 19. Qb4 Rf7 20. Rfd1 Be6 21. Rd6
Rd8 22. a4 Rxd6 23. cxd6 Qe5 24. a5 a6 25. Rd1 Rd7 26. Rd3 h5
27. Qd2 Kf7 28. Qh6 Qg7 29. Qf4 Qa1+ 30. Kg2 Qf6 31. h4 Kg7
32. Kh2 Bf7 33. Bg2 c5 34. Qd2 c4 35. Rd4 c3 36. Qxc3 Rxd6
37. e3 b6 38. axb6 Rxb6 39. Qc7 Rb2 40. Rd6 Rc2 41. Qd7 Qa1
42. Qe7 Rc8 43. Bd5 Rf8 44. Kg2 a5 45. Ra6 Qc3 46. e4 fxe4
47. Rxg6+ Kxg6 48. Qg5+ 1-0

[Event "European Team Championship"]
[Site "Reykjavik ISL"]
[Date "2015.11.14"]
[EventDate "2015.11.13"]
[Round "2.12"]
[Result "1/2-1/2"]
[White "Jiri Stocek"]
[Black "Jonathan Westerberg"]
[WhiteElo "2557"]
[BlackElo "2496"]
[PlyCount "104"]

1. d4 d5 2. Nf3 Nf6 3. c4 dxc4 4. Nc3 a6 5. e4 b5 6. e5 Nd5
7. a4 Bb7 8. e6 fxe6 9. Be2 Nxc3 10. bxc3 Qd5 11. O-O Nc6
12. Be3 g6 13. axb5 axb5 14. Rxa8+ Bxa8 15. Qa1 Bb7 16. Rb1
Bg7 17. Qb2 Ba6 18. Ng5 O-O 19. Bf3 Rxf3 20. Nxf3 e5 21. Qa3
Bb7 22. Qc5 Qxc5 23. dxc5 e4 24. Nd4 Nxd4 25. cxd4 Bc6 26. d5
Bxd5 27. Rxb5 Kf7 28. Kf1 Ke6 29. Ke1 Bc6 30. Rb8 Be5 31. Rd8
Bd5 32. Kd2 c6 33. Kc2 h5 34. h3 Bc7 35. Rg8 Kf7 36. Ra8 Be5
37. Ra7 Bf6 38. Bd2 Bd4 39. Be3 Bf6 40. Rb7 Ke6 41. Rb1 Kf5
42. Rd1 Be5 43. Bd4 e3 44. g4+ hxg4 45. hxg4+ Ke4 46. fxe3 Bg3
47. Kd2 e5 48. Bc3 Bf2 49. Kc2 Bxe3 50. Re1 Kf3 51. Bxe5 Bxc5
52. g5 Bf2 1/2-1/2

[Event "European Team Championship"]
[Site "Reykjavik ISL"]
[Date "2015.11.14"]
[EventDate "2015.11.13"]
[Round "2.13"]
[Result "0-1"]
[White "Alexey Shirov"]
[Black "Daniele Vocaturo"]
[WhiteElo "2689"]
[BlackElo "2588"]
[PlyCount "110"]

1. d4 Nf6 2. c4 g6 3. Nc3 Bg7 4. e4 d6 5. Be2 O-O 6. Nf3 e5
7. O-O Nc6 8. d5 Ne7 9. Ne1 Nd7 10. Be3 f5 11. f3 f4 12. Bf2
g5 13. Nd3 Nf6 14. c5 Ng6 15. Rc1 Rf7 16. Kh1 Bf8 17. a4 h5
18. a5 g4 19. cxd6 cxd6 20. Nb5 h4 21. Nxa7 Bd7 22. a6 bxa6
23. Nc6 Qe8 24. Be1 g3 25. h3 Nh7 26. Rg1 Ng5 27. Bf1 Rg7
28. Bc3 Kh7 29. Qd2 Rg8 30. Qe2 Bg7 31. Bb4 Bf8 32. Ba5 Nh8
33. Ndb4 Nhf7 34. Nxa6 Rxa6 35. Qxa6 Nxh3 36. gxh3 Ng5
37. Nxe5 dxe5 38. Rc7 Rg7 39. Qf6 Nxf3 40. Be2 Be7 41. Qxg7+
Kxg7 42. Bxf3 Bd6 43. Ra7 Bb8 44. Ra8 Qc8 45. Bc3 Qc5 46. Rf1
Qb5 47. Rd1 Qb6 48. Rd2 Bxh3 49. Bg2 Bg4 50. d6 Qe3 51. Ra1 f3
52. Bf1 Qxe4 53. Bd3 g2+ 54. Kg1 Qe3+ 55. Kh2 Bxd6 0-1

[Event "European Team Championship"]
[Site "Reykjavik ISL"]
[Date "2015.11.14"]
[EventDate "2015.11.13"]
[Round "2.13"]
[Result "0-1"]
[White "Toms Kantans"]
[Black "Danyyil Dvirnyy"]
[WhiteElo "2514"]
[BlackElo "2561"]
[PlyCount "120"]

1. e4 e5 2. Nf3 Nc6 3. Bb5 Nf6 4. O-O Nxe4 5. d4 Nd6 6. Bxc6
dxc6 7. dxe5 Nf5 8. Qxd8+ Kxd8 9. Nc3 Bd7 10. Ne4 h6 11. b3 b6
12. Bb2 Kc8 13. h3 c5 14. Rad1 a5 15. c4 Bc6 16. Rfe1 a4
17. Rd3 axb3 18. axb3 Ra2 19. Bc3 Ra3 20. Nfd2 Nd4 21. Bb2 Ra2
22. Rb1 Ne6 23. Rf3 Nd8 24. Re3 Ne6 25. Nc3 Ra8 26. Nd5 Kb7
27. Ne4 Rd8 28. Rd1 Rd7 29. g3 g5 30. Nef6 Rd8 31. Red3 Ra8
32. R1d2 h5 33. Kh2 Ra2 34. Nc3 Ra8 35. Ncd5 Ra2 36. Ne4 Bh6
37. Bc3 Ra3 38. Bb2 Ra2 39. Bc1 Ra1 40. Rd1 Ra2 41. Rf3 Be8
42. Be3 g4 43. Rf6 Bxe3 44. Nxe3 Nd4 45. Nd5 Nf3+ 46. Kg2 Nxe5
47. Ng5 gxh3+ 48. Nxh3 Ng4 49. Rf5 c6 50. Nc3 Ne3+ 51. Kh2 Rc2
52. Rf3 Nxd1 53. Nxd1 Ka6 54. Nf4 Bd7 55. Ne3 Bg4 56. Nxc2
Bxf3 57. Kh3 Bd1 58. Ne3 Bxb3 59. Nd3 f6 60. Kh4 Ka5 0-1

[Event "European Team Championship"]
[Site "Reykjavik ISL"]
[Date "2015.11.14"]
[EventDate "2015.11.13"]
[Round "2.13"]
[Result "1-0"]
[White "Axel Rombaldoni"]
[Black "Normunds Miezis"]
[WhiteElo "2539"]
[BlackElo "2496"]
[PlyCount "155"]

1. e4 c5 2. Nf3 e6 3. d4 cxd4 4. Nxd4 a6 5. Bd3 Nc6 6. Nxc6
dxc6 7. Nd2 Qc7 8. Qf3 Ne7 9. Nc4 Ng6 10. Qg3 e5 11. Be3 b5
12. Nb6 Rb8 13. Nxc8 Rxc8 14. a4 Be7 15. axb5 axb5 16. Ra7 Qd6
17. O-O O-O 18. Qh3 Qb4 19. Rb1 Rcd8 20. g3 h6 21. Qg4 Bc5
22. c3 Bxe3 23. cxb4 Bxa7 24. Be2 Rd2 25. Kf1 Rfd8 26. Qf3 Nf8
27. Qa3 Bd4 28. Ke1 Rc2 29. Qb3 Bxf2+ 30. Kxf2 Rdd2 31. Qe3
Ne6 32. Ke1 Rxe2+ 33. Qxe2 Rxe2+ 34. Kxe2 Nd4+ 35. Kd3 g6
36. Ra1 Kg7 37. Ra7 Kf6 38. h4 h5 39. Rd7 Ke6 40. Rc7 Kf6
41. Rd7 Ke6 42. Rd8 Nf3 43. Re8+ Kd7 44. Ra8 Ke6 45. Ra6 Nd4
46. Ra1 Nf3 47. Ra7 Nd4 48. Rc7 Kf6 49. Ke3 Ke6 50. Kf2 f5
51. Ke3 Kf6 52. Kd3 Ke6 53. Rc8 Kf6 54. Rd8 Ke6 55. Rh8 Kf6
56. Rc8 Kf7 57. exf5 gxf5 58. Rh8 Kg6 59. Rd8 Ne6 60. Rd6 Kf6
61. Rxc6 e4+ 62. Ke3 Ke5 63. Rc8 f4+ 64. gxf4+ Nxf4 65. Re8+
Ne6 66. Rxe6+ Kxe6 67. Kxe4 Kd6 68. Kf5 Kd5 69. Kg5 Kc4
70. Kxh5 Kxb4 71. Kg5 Kb3 72. h5 b4 73. h6 Kxb2 74. h7 b3
75. h8=Q+ Ka2 76. Qa8+ Kb1 77. Qe4+ Ka1 78. Qa4+ 1-0

[Event "European Team Championship"]
[Site "Reykjavik ISL"]
[Date "2015.11.14"]
[EventDate "2015.11.13"]
[Round "2.15"]
[Result "1-0"]
[White "Jon Loftur Arnason"]
[Black "Nderim Saraci"]
[WhiteElo "2500"]
[BlackElo "2215"]
[PlyCount "97"]

1. e4 c5 2. Nf3 d6 3. d4 cxd4 4. Nxd4 Nf6 5. Nc3 g6 6. Bc4 Bg7
7. h3 O-O 8. Be3 a6 9. Nde2 Nbd7 10. a4 b6 11. O-O Bb7 12. f3
Rc8 13. Ba2 Ne5 14. Qc1 Qc7 15. Rd1 Rfd8 16. Nf4 e6 17. Qd2
Bc6 18. Qf2 Rb8 19. Bb3 Ned7 20. Bc4 Bxe4 21. Bxe6 Bc6 22. Ba2
b5 23. axb5 axb5 24. Bd5 b4 25. Ra7 Qc8 26. Ne4 Bxd5 27. Nxd5
Nxd5 28. Rxd5 Nf6 29. Rxd6 Nxe4 30. fxe4 f6 31. Qd2 Rxd6
32. Qxd6 Qf8 33. Qd5+ Kh8 34. Rd7 Rc8 35. Bd4 Qg8 36. Qd6 Qf8
37. Qxf8+ Bxf8 38. Bxf6+ Kg8 39. e5 Rxc2 40. e6 Re2 41. e7 Bh6
42. g4 g5 43. h4 gxh4 44. g5 Kf7 45. Rb7 h3 46. Kh1 Re6
47. Kh2 Rxf6 48. gxf6 Bg5 49. Rb6 1-0

[Event "European Team Championship"]
[Site "Reykjavik ISL"]
[Date "2015.11.14"]
[EventDate "2015.11.13"]
[Round "2.17"]
[Result "1/2-1/2"]
[White "Hedinn Steingrimsson"]
[Black "Mihail Marin"]
[WhiteElo "2566"]
[BlackElo "2589"]
[PlyCount "213"]

1. e4 e5 2. Nf3 Nc6 3. d4 exd4 4. Nxd4 d6 5. Nc3 Nf6 6. Be2 g6
7. Bg5 Bg7 8. Qd2 O-O 9. Nxc6 bxc6 10. e5 dxe5 11. Qxd8 Rxd8
12. Ne4 Rd6 13. Nxd6 cxd6 14. c4 Be6 15. O-O Rb8 16. b3 Ne4
17. Be3 Nc3 18. Rfe1 a5 19. f3 d5 20. cxd5 cxd5 21. Ba6 Ra8
22. Bf1 e4 23. fxe4 dxe4 24. Bc4 Bxc4 25. bxc4 Rc8 26. Kf1 a4
27. Bd2 a3 28. Rec1 Rxc4 29. g3 Rc5 30. Kg2 h5 31. Bxc3 Rxc3
32. Rxc3 Bxc3 33. Rc1 Be5 34. Rc4 f5 35. Ra4 Bb2 36. Ra7 Kf8
37. Kf1 Ke8 38. Ke2 Kf8 39. Ke3 Bc1+ 40. Kd4 Bb2+ 41. Kc4 Ke8
42. Kb3 Kf8 43. Kc2 Ke8 44. Kd2 Kf8 45. Ke3 Bc1+ 46. Ke2 Bb2
47. h3 Ke8 48. g4 hxg4 49. hxg4 Kf8 50. gxf5 gxf5 51. Ra5 Ke7
52. Rxf5 Ke6 53. Ra5 Bc1 54. Kd1 Bb2 55. Kd2 Kd6 56. Ke3 Kc6
57. Kxe4 Kd6 58. Kd3 Ke6 59. Kc4 Kd6 60. Rh5 Ba1 61. Rd5+ Ke6
62. Rd3 Bb2 63. Kc5 Bc1 64. Rd6+ Ke5 65. Rd1 Bb2 66. Re1+ Kf5
67. Kd5 Kf6 68. Re3 Kf7 69. Kd6 Kf6 70. Rf3+ Kg5 71. Ke6 Kg4
72. Rf5 Ba1 73. Rf1 Bb2 74. Kd5 Kg5 75. Ke4 Kg6 76. Rf5 Ba1
77. Rf2 Bb2 78. Kd5 Kg5 79. Rf1 Kg4 80. Ke4 Kg5 81. Rf5+ Kg6
82. Kf4 Ba1 83. Kg4 Bb2 84. Rf3 Bc1 85. Rf2 Bb2 86. Rf1 Bc3
87. Rf8 Ba1 88. Kf4 Bb2 89. Ke4 Kg5 90. Rf5+ Kg6 91. Kf4 Ba1
92. Kg4 Bb2 93. Rf3 Bc1 94. Kg3 Kg5 95. Kf2 Kg4 96. Ke2 Bb2
97. Ke3 Kg5 98. Rf1 Kg4 99. Ke4 Kg5 100. Kd3 Kg4 101. Rf7 Kg5
102. Kc2 Kg4 103. Kb1 Kg3 104. Rf8 Kg2 105. Kc2 Kg3 106. Kd3
Kg4 107. Rf1 1/2-1/2

[Event "European Team Championship"]
[Site "Reykjavik ISL"]
[Date "2015.11.14"]
[EventDate "2015.11.13"]
[Round "2.17"]
[Result "1/2-1/2"]
[White "Bogdan-Daniel Deac"]
[Black "Hjorvar Steinn Gretarsson"]
[WhiteElo "2440"]
[BlackElo "2561"]
[PlyCount "96"]

1. c4 e5 2. Nc3 Bb4 3. Nd5 a5 4. Nf3 e4 5. Nd4 c6 6. Nxb4 axb4
7. Qb3 Na6 8. d3 exd3 9. Qxd3 Ne7 10. e4 O-O 11. Be2 d5
12. exd5 cxd5 13. O-O Nc5 14. Qc2 b6 15. Rd1 Bb7 16. Bd2 dxc4
17. Bxb4 Nd5 18. Bxc5 bxc5 19. Nf3 Qf6 20. Bxc4 Nf4 21. Ne1
Qg5 22. f3 Rae8 23. Kh1 Qh4 24. Bf1 Ne6 25. Kg1 Qg5 26. Qf2
Nd4 27. b4 Rxe1 28. Rxe1 Nxf3+ 29. Kh1 Nxe1 30. Qxe1 cxb4
31. Qxb4 Rb8 32. Qc3 Rc8 33. Qb2 Bd5 34. a4 h5 35. a5 h4
36. h3 Qf5 37. Kg1 Rc2 38. Qd4 Qg5 39. Qg4 Qe3+ 40. Kh1 Qf2
41. Rd1 g6 42. a6 Rc3 43. a7 Kh7 44. Rxd5 Qxf1+ 45. Kh2 Qf2
46. Rh5+ Kg7 47. Qxh4 Qxh4 48. Rxh4 Ra3 1/2-1/2

[Event "European Team Championship"]
[Site "Reykjavik ISL"]
[Date "2015.11.14"]
[EventDate "2015.11.13"]
[Round "2.17"]
[Result "1-0"]
[White "Henrik Danielsen"]
[Black "Vladislav Nevednichy"]
[WhiteElo "2500"]
[BlackElo "2569"]
[PlyCount "161"]

1. d4 Nf6 2. c4 e6 3. g3 d5 4. Bg2 dxc4 5. Nf3 Bb4+ 6. Bd2 a5
7. Qc2 Nc6 8. Qxc4 Qd5 9. Qxd5 exd5 10. O-O Bg4 11. Rd1 Bxf3
12. exf3 Bxd2 13. Rxd2 O-O-O 14. Nc3 Rhe8 15. Rc1 Re7 16. Na4
Kb8 17. Bf1 Rde8 18. Rdd1 Rd8 19. Rc5 Rd6 20. h4 b6 21. Rcc1
Kb7 22. Nc3 Na7 23. Bh3 Rd8 24. Bf1 c6 25. Na4 Nd7 26. Nc3
Rde8 27. Bd3 h6 28. Kf1 Nc8 29. Rc2 Nd6 30. Rdc1 Nf8 31. Ne2
Rc8 32. f4 Nd7 33. Ng1 c5 34. b3 cxd4 35. Rxc8 Nxc8 36. Nf3
Nc5 37. Rd1 Nd6 38. Be2 Nde4 39. Nxd4 Nc3 40. Rd2 N5e4 41. Rc2
Nxe2 42. Rxe2 Rc7 43. Nf5 f6 44. h5 b5 45. f3 Nc3 46. Rc2 b4
47. Ke1 Kc8 48. Kd2 Kd8 49. Kd3 Ke8 50. Rc1 Kf8 51. Nd4 Kf7
52. a3 Rc5 53. axb4 axb4 54. Ra1 Nb5 55. Nxb5 Rxb5 56. Ra7+
Ke6 57. Kd4 Rb8 58. g4 Rc8 59. Rxg7 Rc3 60. f5+ Kd6 61. Rf7
Rxf3 62. Rxf6+ Ke7 63. Rxh6 Rf4+ 64. Kxd5 Rxg4 65. Re6+ Kf7
66. Re4 Rg5 67. Ke5 Rxh5 68. Rxb4 Rh1 69. Rb7+ Ke8 70. b4 Kf8
71. Ke6 Re1+ 72. Kf6 Ke8 73. b5 Rb1 74. b6 Rb2 75. Re7+ Kf8
76. Re6 Rb5 77. Rc6 Ke8 78. Ke6 Kd8 79. f6 Rb2 80. Rd6+ Kc8
81. f7 1-0

[Event "European Team Championship"]
[Site "Reykjavik ISL"]
[Date "2015.11.14"]
[EventDate "2015.11.13"]
[Round "2.18"]
[Result "0-1"]
[White "Stephen R Burns-Mannion"]
[Black "Alexander Beliavsky"]
[WhiteElo "2342"]
[BlackElo "2622"]
[PlyCount "94"]

1. e4 e5 2. Nf3 Nc6 3. Bb5 Nge7 4. O-O g6 5. c3 a6 6. Ba4 b5
7. Bb3 Bg7 8. d4 exd4 9. cxd4 O-O 10. Nc3 Na5 11. Bc2 d6
12. Bg5 h6 13. Be3 Nc4 14. b3 Nxe3 15. fxe3 c5 16. Qd2 Bb7
17. Rad1 Rc8 18. Ne2 Nc6 19. d5 Ne5 20. Nf4 Rc7 21. Nxe5 Bxe5
22. Rf3 Bc8 23. Rdf1 Bg7 24. R3f2 Re7 25. Kh1 Ree8 26. a4 Bd7
27. axb5 axb5 28. Ne2 Qc7 29. Bd3 Ra8 30. Ng3 Be5 31. Ne2 Ra3
32. Bc2 Ra1 33. Rxa1 Bxa1 34. Nf4 Bg7 35. h3 Ra8 36. g4 Be8
37. Kg2 Qe7 38. Bd3 c4 39. bxc4 bxc4 40. Bc2 Ra2 41. Qe2 Bb5
42. Qf3 Rb2 43. Qd1 Qa7 44. Qe1 Qa2 45. Bd1 c3 46. Rxb2 Qxb2+
47. Qf2 g5 0-1

[Event "European Team Championship"]
[Site "Reykjavik ISL"]
[Date "2015.11.14"]
[EventDate "2015.11.13"]
[Round "2.18"]
[Result "0-1"]
[White "Graham Morrison"]
[Black "Matej Sebenik"]
[WhiteElo "2323"]
[BlackElo "2528"]
[PlyCount "96"]

1. d4 Nf6 2. c4 g6 3. Nc3 Bg7 4. e4 d6 5. Nf3 O-O 6. Be2 e5
7. O-O Nc6 8. d5 Ne7 9. Ne1 Nd7 10. Nd3 f5 11. Bd2 Nf6 12. f3
f4 13. c5 g5 14. Rc1 Ng6 15. Nb5 Rf7 16. Ba5 b6 17. cxd6 cxd6
18. Be1 a6 19. Nc3 a5 20. Bf2 Rb8 21. a4 Bf8 22. Nb5 Rg7
23. Rc6 Bd7 24. Qb3 Kh8 25. Rfc1 g4 26. Kh1 g3 27. Bg1 Nh4
28. Ne1 Nh5 29. Bf1 Qg5 30. Rc7 gxh2 31. Bf2 Ng3+ 32. Bxg3
fxg3 33. R1c2 Rf7 34. Qd3 Bxb5 35. axb5 Rxc7 36. Rxc7 a4
37. Qc3 Ng6 38. Nc2 Bh6 39. Nb4 Rf8 40. Ra7 Nh4 41. Qc7 Qg6
42. Qe7 Nxf3 43. gxf3 g2+ 44. Bxg2 Rg8 45. Qxh7+ Qxh7
46. Rxh7+ Kxh7 47. Kxh2 Bc1 48. Nd3 Bxb2 0-1

[Event "European Team Championship"]
[Site "Reykjavik ISL"]
[Date "2015.11.15"]
[EventDate "2015.11.13"]
[Round "3.1"]
[Result "1/2-1/2"]
[White "Eltaj Safarli"]
[Black "Alexander Areshchenko"]
[WhiteElo "2657"]
[BlackElo "2682"]
[PlyCount "55"]

1. e4 c5 2. Nf3 d6 3. Bb5+ Bd7 4. Bxd7+ Qxd7 5. c4 Nf6 6. Nc3
g6 7. d4 cxd4 8. Nxd4 Bg7 9. f3 O-O 10. Be3 Nc6 11. O-O a6
12. Qd3 Ne5 13. Qe2 Rac8 14. b3 b5 15. Nd5 Nxd5 16. cxd5 e6
17. dxe6 fxe6 18. Rac1 Rxc1 19. Rxc1 Rc8 20. Rd1 Nc6 21. Nc2
Qc7 22. Qd2 Rd8 23. Bg5 Rd7 24. Bf4 Qb6+ 25. Be3 Qc7 26. Bf4
Qb6+ 27. Be3 Qc7 28. Bf4 1/2-1/2

[Event "European Team Championship"]
[Site "Reykjavik ISL"]
[Date "2015.11.15"]
[EventDate "2015.11.13"]
[Round "3.8"]
[Result "1/2-1/2"]
[White "Alexander Beliavsky"]
[Black "Hristos Banikas"]
[WhiteElo "2622"]
[BlackElo "2609"]
[PlyCount "84"]

1. d4 Nf6 2. c4 e6 3. Nf3 b6 4. g3 Bb7 5. Bg2 Be7 6. Nc3 O-O
7. Qc2 c5 8. d5 exd5 9. Ng5 Nc6 10. Nxd5 g6 11. Qd2 Ba6 12. b3
Nxd5 13. Bxd5 Bxg5 14. Qxg5 Nb4 15. Bxa8 Nc2+ 16. Kd1 Qxa8
17. Kxc2 Qxh1 18. Qe7 Qa8 19. Bh6 Re8 20. Qf6 Qe4+ 21. Kc3
Qe5+ 22. Qxe5 Rxe5 23. Rd1 Bc8 24. Be3 Kf8 25. a4 Ke7 26. a5
bxa5 27. Ra1 d6 28. Rxa5 a6 29. Ra2 Bb7 30. Bf4 Re6 31. f3 Kd7
32. Rd2 Kc6 33. g4 Bc8 34. h4 Rf6 35. Bg5 Re6 36. e4 Re8
37. Bf4 Rd8 38. Bg5 Re8 39. Bf6 Be6 40. Ra2 Ra8 41. g5 a5
42. Ra1 Kc7 1/2-1/2

[Event "European Team Championship"]
[Site "Reykjavik ISL"]
[Date "2015.11.15"]
[EventDate "2015.11.13"]
[Round "3.10"]
[Result "1/2-1/2"]
[White "Hjorvar Steinn Gretarsson"]
[Black "Rainer Buhmann"]
[WhiteElo "2561"]
[BlackElo "2619"]
[PlyCount "74"]

1. d4 d5 2. c4 c6 3. Nf3 Nf6 4. Nc3 e6 5. g3 dxc4 6. Bg2 b5
7. Ne5 a6 8. O-O Bb7 9. b3 b4 10. Na4 c3 11. Nc4 a5 12. a3 Ba6
13. axb4 axb4 14. Nc5 Bxc5 15. dxc5 O-O 16. Qc2 Nd5 17. e4 Nd7
18. exd5 exd5 19. Rd1 dxc4 20. Bf4 cxb3 21. Qxb3 Nxc5 22. Qxb4
Nd3 23. Qxc3 Nxf4 24. gxf4 Qc7 25. Qxc6 Qxc6 26. Bxc6 Be2
27. Rxa8 Bxd1 28. Kg2 Rxa8 29. Bxa8 g6 30. Kg3 Kg7 31. h4 h6
32. Bb7 f6 33. Be4 g5 34. fxg5 hxg5 35. hxg5 fxg5 36. f4 Kf6
37. fxg5+ Kxg5 1/2-1/2

[Event "European Team Championship"]
[Site "Reykjavik ISL"]
[Date "2015.11.15"]
[EventDate "2015.11.13"]
[Round "3.15"]
[Result "1-0"]
[White "Dmitry Svetushkin"]
[Black "Tomas Laurusas"]
[WhiteElo "2585"]
[BlackElo "2435"]
[PlyCount "77"]

1. e4 e5 2. Nf3 Nc6 3. Bb5 a6 4. Ba4 Nge7 5. c3 g6 6. d4 exd4
7. cxd4 b5 8. Bb3 Bg7 9. d5 Na5 10. Bd2 c5 11. Bc3 O-O
12. Bxg7 Kxg7 13. Bc2 d6 14. b3 Bd7 15. O-O Rc8 16. Re1 Qb6
17. Nbd2 Rfe8 18. Rc1 Ng8 19. h3 Nf6 20. Bb1 Kg8 21. Nf1 b4
22. N3d2 Bb5 23. Ne3 Qd8 24. Qf3 Nh5 25. g4 Ng7 26. Qf4 g5
27. Qf3 Re5 28. Kh1 h6 29. Kg2 Ne8 30. Rh1 Bd7 31. Nec4 Nxc4
32. Nxc4 Re7 33. h4 h5 34. hxg5 Bxg4 35. Qf4 Be2 36. f3 Bxc4
37. Rxh5 Re5 38. Qh4 Kf8 39. Rxc4 1-0

[Event "European Team Championship"]
[Site "Reykjavik ISL"]
[Date "2015.11.15"]
[EventDate "2015.11.13"]
[Round "3.16"]
[Result "0-1"]
[White "Helgi Dam Ziska"]
[Black "Constantin Lupulescu"]
[WhiteElo "2523"]
[BlackElo "2631"]
[PlyCount "46"]

1. e4 c6 2. Nc3 d5 3. Nf3 Bg4 4. h3 Bxf3 5. Qxf3 Nf6 6. d3 e6
7. Bd2 d4 8. Ne2 c5 9. g4 Nc6 10. g5 Nd7 11. h4 c4 12. Bg2 Qb6
13. b3 cxd3 14. cxd3 Bb4 15. Rd1 Qa5 16. Bxb4 Qxb4+ 17. Kf1
Qa5 18. Bh3 Qxa2 19. b4 Qc2 20. Nf4 Nde5 21. Qe2 Qxe2+
22. Nxe2 Nxb4 23. Nxd4 O-O-O 0-1

[Event "European Team Championship"]
[Site "Reykjavik ISL"]
[Date "2015.11.15"]
[EventDate "2015.11.13"]
[Round "3.16"]
[Result "1-0"]
[White "Mihail Marin"]
[Black "John Rodgaard"]
[WhiteElo "2589"]
[BlackElo "2350"]
[PlyCount "41"]

1. d4 d5 2. c4 c6 3. Nf3 Nf6 4. Nc3 e6 5. g3 dxc4 6. Bg2 b5
7. Ne5 Qb6 8. O-O Bb7 9. b3 cxb3 10. axb3 Nbd7 11. Be3 Rd8
12. d5 c5 13. Nc6 Bxc6 14. dxc6 Nb8 15. Nxb5 Rxd1 16. Rfxd1
Bd6 17. Nxd6+ Ke7 18. Nc4 Qb4 19. Rxa7+ Nbd7 20. cxd7 Rd8
21. Rb7 1-0

[Event "European Team Championship"]
[Site "Reykjavik ISL"]
[Date "2015.11.15"]
[EventDate "2015.11.13"]
[Round "3.1"]
[Result "1/2-1/2"]
[White "Eltaj Safarli"]
[Black "Alexander Areshchenko"]
[WhiteElo "2657"]
[BlackElo "2682"]
[PlyCount "56"]

1. e4 c5 2. Nf3 d6 3. Bb5+ Bd7 4. Bxd7+ Qxd7 5. c4 Nf6 6. Nc3
g6 7. d4 cxd4 8. Nxd4 Bg7 9. f3 O-O 10. Be3 Nc6 11. O-O a6
12. Qd3 Ne5 13. Qe2 Rac8 14. b3 b5 15. Nd5 Nxd5 16. cxd5 e6
17. dxe6 fxe6 18. Rac1 Rxc1 19. Rxc1 Rc8 20. Rd1 Nc6 21. Nc2
Qc7 22. Qd2 Rd8 23. Bg5 Rd7 24. Bf4 Qb6+ 25. Be3 Qc7 26. Bf4
Qb6+ 27. Be3 Qc7 28. Bf4 Qb6+ 1/2-1/2

[Event "European Team Championship"]
[Site "Reykjavik ISL"]
[Date "2015.11.15"]
[EventDate "2015.11.13"]
[Round "3.3"]
[Result "1-0"]
[White "Etienne Bacrot"]
[Black "Zoltan Almasi"]
[WhiteElo "2686"]
[BlackElo "2689"]
[PlyCount "73"]

1. e4 e5 2. Nf3 Nc6 3. Bb5 Nf6 4. O-O Nxe4 5. d4 Nd6 6. Bxc6
dxc6 7. dxe5 Nf5 8. Qxd8+ Kxd8 9. h3 h6 10. Nc3 Bd7 11. b3 c5
12. Rd1 Kc8 13. Nd5 g5 14. c4 Be6 15. g4 Ne7 16. Kg2 Ng6
17. Kg3 Bg7 18. Bb2 b6 19. Nf6 Kb7 20. Rd2 a5 21. h4 gxh4+
22. Nxh4 h5 23. g5 a4 24. f4 axb3 25. axb3 Rxa1 26. Bxa1 Ne7
27. Bc3 Kc6 28. Nd5 Bxd5 29. cxd5+ Nxd5 30. Bb2 Re8 31. Re2 b5
32. e6 Bxb2 33. exf7 Rf8 34. g6 Bf6 35. Re8 Bxh4+ 36. Kxh4
Nxf4 37. g7 1-0

[Event "European Team Championship"]
[Site "Reykjavik ISL"]
[Date "2015.11.15"]
[EventDate "2015.11.13"]
[Round "3.3"]
[Result "1/2-1/2"]
[White "Csaba Balogh"]
[Black "Vladislav Tkachiev"]
[WhiteElo "2645"]
[BlackElo "2658"]
[PlyCount "82"]

1. e4 e5 2. Nf3 Nc6 3. Bb5 g6 4. O-O Bg7 5. c3 a6 6. Ba4 Nge7
7. d4 exd4 8. cxd4 b5 9. Bc2 d6 10. d5 Na5 11. Nc3 O-O 12. Rb1
h6 13. h3 c6 14. dxc6 Nexc6 15. Nd5 Nc4 16. b3 N4e5 17. Bb2
Be6 18. Nh2 Bxd5 19. Qxd5 Nb4 20. Qd2 Nxc2 21. Qxc2 Qa5
22. Ba1 Rac8 23. Qe2 Rc6 24. Rbc1 Rfc8 25. Rxc6 Rxc6 26. Rd1
Qc7 27. Qe3 h5 28. f4 Bh6 29. Nf1 Rc2 30. Qg3 Rc1 31. Rxc1
Qxc1 32. fxe5 Qxa1 33. exd6 Qd4+ 34. Kh1 Bg7 35. Qf4 Be5
36. Qd2 Qxd6 37. Qxd6 Bxd6 38. g4 hxg4 39. hxg4 Kg7 40. Nd2
Kf6 41. Nf3 Ke6 1/2-1/2

[Event "European Team Championship"]
[Site "Reykjavik ISL"]
[Date "2015.11.15"]
[EventDate "2015.11.13"]
[Round "3.4"]
[Result "0-1"]
[White "Grzegorz Gajewski"]
[Black "Mikhael Mchedlishvili"]
[WhiteElo "2647"]
[BlackElo "2618"]
[PlyCount "80"]

1. c4 e5 2. g3 Nc6 3. Bg2 g6 4. Nc3 Bg7 5. d3 d6 6. e4 Nd4
7. Nge2 Nxe2 8. Nxe2 Ne7 9. Be3 O-O 10. Qd2 c6 11. d4 d5
12. exd5 cxd5 13. c5 Nf5 14. dxe5 Bxe5 15. Bg5 Qc7 16. Rc1 d4
17. O-O Be6 18. Nf4 Bxa2 19. b4 Bb3 20. Qd3 Ba4 21. Nd5 Qd7
22. Rfe1 Bg7 23. g4 Bc6 24. gxf5 Bxd5 25. Re7 Qd8 26. f6 Bh8
27. Bh3 Bc6 28. Be6 fxe6 29. Qh3 Qxe7 30. fxe7 Rf5 31. f4 a6
32. Qb3 Kf7 33. Re1 Bd5 34. Qa4 Re8 35. Rd1 Bg7 36. Rf1 d3
37. h3 h6 38. Bh4 g5 39. fxg5 Bd4+ 40. Kh2 Rxf1 0-1

[Event "European Team Championship"]
[Site "Reykjavik ISL"]
[Date "2015.11.15"]
[EventDate "2015.11.13"]
[Round "3.4"]
[Result "1/2-1/2"]
[White "Levan Pantsulaia"]
[Black "Mateusz Bartel"]
[WhiteElo "2567"]
[BlackElo "2624"]
[PlyCount "85"]

1. Nf3 d5 2. d3 g6 3. Nbd2 Bg7 4. e4 e6 5. g3 c5 6. Bg2 Nc6
7. O-O Nge7 8. h4 h6 9. Re1 b6 10. e5 Qc7 11. Qe2 g5 12. hxg5
hxg5 13. Nxg5 Qxe5 14. Qxe5 Nxe5 15. Nc4 Nxc4 16. dxc4 Bb7
17. a4 O-O 18. a5 Nf5 19. c3 Nd6 20. a6 Bc6 21. Bf4 Nxc4
22. Nxe6 fxe6 23. Rxe6 Bb5 24. Bxd5 Rad8 25. Rxb6+ Rxd5
26. Rxb5 Nxb2 27. Rxb2 Bxc3 28. Rab1 Bxb2 29. Rxb2 Rd1+
30. Kg2 Ra1 31. Rb7 Rxa6 32. Rc7 Rf5 33. Be3 Ra4 34. Kh3 Rh5+
35. Kg2 a5 36. Ra7 Kf8 37. Kf3 Rf5+ 38. Ke2 Rd5 39. Kf3 Ke8
40. g4 c4 41. g5 Rd7 42. Ra6 Kf7 43. Ke4 1/2-1/2

[Event "European Team Championship"]
[Site "Reykjavik ISL"]
[Date "2015.11.15"]
[EventDate "2015.11.13"]
[Round "3.5"]
[Result "1/2-1/2"]
[White "Erwin L'Ami"]
[Black "Milos Perunovic"]
[WhiteElo "2623"]
[BlackElo "2624"]
[PlyCount "80"]

1. d4 Nf6 2. c4 c5 3. d5 b5 4. cxb5 a6 5. bxa6 g6 6. Nc3 Bg7
7. e4 O-O 8. a7 Rxa7 9. Nf3 e6 10. Be2 exd5 11. exd5 d6
12. O-O Na6 13. Bb5 Qb6 14. a4 Bb7 15. Nd2 Nxd5 16. Nc4 Nxc3
17. bxc3 Qd8 18. Nxd6 Ba8 19. Be3 Bxc3 20. Ra3 Be5 21. Nc4 Bd4
22. Rd3 Qd5 23. f3 Nc7 24. Bxd4 cxd4 25. Rxd4 Qc5 26. Kh1 Nxb5
27. axb5 Qxb5 28. Nd6 Qb2 29. Rd2 Qb4 30. Re1 Bc6 31. Rd4 Qb2
32. Nc4 Qc3 33. Ne5 Ra2 34. Nxc6 Qxc6 35. Rd2 Rxd2 36. Qxd2
Re8 37. Rxe8+ Qxe8 38. h3 h5 39. Qd4 Qe1+ 40. Kh2 Qe6 1/2-1/2

[Event "European Team Championship"]
[Site "Reykjavik ISL"]
[Date "2015.11.15"]
[EventDate "2015.11.13"]
[Round "3.5"]
[Result "0-1"]
[White "Ivan Sokolov"]
[Black "Nikola Sedlak"]
[WhiteElo "2642"]
[BlackElo "2557"]
[PlyCount "62"]

1. d4 Nf6 2. c4 g6 3. Nc3 d5 4. Nf3 Bg7 5. cxd5 Nxd5 6. e4
Nxc3 7. bxc3 c5 8. Rb1 O-O 9. Qd2 Nd7 10. Bd3 e5 11. d5 Nf6
12. O-O Ne8 13. Re1 Nd6 14. c4 Bg4 15. Qe3 Rc8 16. Nd2 f5
17. exf5 gxf5 18. Bc2 Qh4 19. Bb2 Rfe8 20. Qa3 Qh6 21. Bc1 Qg6
22. Rb3 e4 23. Nf1 Be5 24. Qxa7 f4 25. Qb6 Bf5 26. Bb2 Bxb2
27. Rxb2 Bh3 28. g3 Bxf1 29. Rxf1 f3 30. Kh1 Re5 31. Ba4 Qg4
0-1